002530000a220007300045001000021000002450088000213000048001097730022001571 aCogan, Mordechai10aFor we, like you, worship your God. Theree biblical portrayals of Samaritan origins a38, Num. 3 (Julio, 1988), Páginas 286-2920 tVetus Testamentum